000 00597nam a22002057a 4500
003 IIN
005 20250408151808.0
008 250408b |||ad||| |||| 001 0 eng d
020 _a9788194727620
_c425.00
040 _aIIN
082 _a428.0077
_bSHA
100 _aSharma, Shivani
245 _aTextbook of Communicative English for Undergraduate and Diploma Nursing Students
_cShivani Sharma and Sarika Sood
260 _aPunjab
_bVHS
_c2021
300 _aviii, 207 p.
_bill.
500 _aIncludes Index
650 _aCommunicative English
_xNursing
700 _aSood, Sarika
942 _cBOOK
999 _c1736
_d1736